[Event "ESP-chT Div I 2018"]
[Site "Linares"]
[Date "2018.08.11"]
[Round "6"]
[White "Vazquez Igarza, Renier"]
[Black "Andres Gonzalez, Ivan"]
[Result "1-0"]
[WhiteElo "2577"]
[BlackElo "2349"]
[Annotator "TA"]
[PlyCount "103"]
[EventDate "2018.08.06"]
[EventType "team-tourn"]
[EventCountry "ESP"]
[SourceTitle "playchess.com"]
[Source "ChessBase"]
[SourceQuality "1"]

{[%evp 24,103,29,25,48,36,61,57,60,58,58,57,60,60,64,68,71,68,70,70,66,70,73,62,76,65,66,70,71,69,93,97,122,71,105,97,160,112,98,93,101,98,114,93,138,137,137,133,138,131,197,197,191,193,176,188,183,185,195,201,209,195,608,610,610,585,509,480,5995,5414,5173,2244,29989,29990,29993,29994,29994,29995,29996,29997,29997,29998]} 1. d4 d5 2. c4 e6 3. Nf3 Nf6 4. g3 Be7 5. Bg2 O-O 6. O-O c6 7. Nbd2 Nbd7 8. Qc2 b6 9. b3 Bb7 10. Bb2 Rc8 11. e4 dxe4 12. Nxe4 Nxe4 13. Qxe4 {LiveBook: 37 Games} Bd6 {E09: Closed Catalan: Main Line: 7 Qc2 c6 8 Nbd2} (13... Nf6 14. Qc2 c5 15. Rad1 cxd4 16. Rxd4 Qc7 17. Rfd1 Rfd8 18. Qe2 h6 19. Ne5 Rxd4 20. Rxd4 Bxg2 21. Kxg2 {1-0 (69) Mamedyarov,S (2772)-Vitiugov,N (2731) Sochi 2017}) 14. Rad1 Qe7 $146 ({Predecessor:} 14... Qc7 15. c5 Be7 16. Rfe1 {½-½ (67) Frendzas,P (2374)-Hristodoulaki,A (1974) Anogia 2012}) 15. Rfe1 Rfd8 {White is slightly better.} 16. Qc2 Ba3 17. Ba1 Bb4 18. Re3 Nf6 19. Bh3 h6 20. Qe2 Re8 21. Ne5 Rcd8 22. Bg2 Qc7 23. Qf3 Rc8 24. Red3 Red8 25. Bb2 Qe7 26. Qe2 Ba8 27. h4 Ba3 28. Ba1 (28. Bxa3 $142 Qxa3 29. f4) 28... Bb4 29. Re3 Re8 ({Better is} 29... Bd6) 30. Nd3 Bd6 31. Bc3 Bb7 32. a4 Ba6 33. Ne5 Nd5 34. Nxc6 $1 Qd7 35. Ne5 Qc7 36. Red3 Bxe5 (36... Nxc3 $16 {is a better defense.} 37. Rxc3 Bb7) 37. dxe5 $18 Nxc3 38. Rxc3 Red8 39. Rcd3 Rxd3 40. Rxd3 ({Much less strong is} 40. Qxd3 $6 Qxe5 41. Qd7 Qb8 $16) 40... Bb7 41. Bxb7 Qxb7 {[%mdl 4096] Endgame KQR-KQR} 42. Rd6 Rc5 $2 (42... Ra8 43. f4 Qc8) 43. Rd8+ Kh7 44. h5 {[%cal Bh4h5,Bh5g6][%mdl 32] [#] Qd3+ is the strong threat.} g6 45. Qd3 Rxe5 (45... Rc7 $142 46. Rf8 Rd7 47. Rxf7+ Rxf7) 46. hxg6+ Kg7 47. Qd4 Qe4 48. gxf7 {White mates.} Qe1+ 49. Kg2 Kxf7 50. Qd7+ Kg6 51. Rg8+ Kf5 52. Qh7+ {Precision: White = 84%, Black = 44%.} 1-0

[Event "ESP-chT Div I 2018"]
[Site "Linares"]
[Date "2018.08.11"]
[Round "6"]
[White "Martinez Alcantara, Jose Eduardo"]
[Black "Bernal Moro, Luis Javier"]
[Result "1/2-1/2"]
[WhiteElo "2561"]
[BlackElo "2413"]
[Annotator "TA"]
[PlyCount "81"]
[EventDate "2018.08.06"]
[EventType "team-tourn"]
[EventCountry "ESP"]
[SourceTitle "playchess.com"]
[Source "ChessBase"]
[SourceQuality "1"]

{[%evp 20,81,31,0,0,0,0,0,0,0,16,-6,-11,0,-4,0,-6,0,-8,0,-22,-5,-14,0,8,0,8,0,5,0,0,0,10,0,0,0,46,0,0,-54,-47,-79,-74,-60,-65,-231,-79,-202,-202,-197,-114,-247,-159,-213,-209,-214,-201,-216,-205,-201,-176,-179,-75,-93]} 1. e4 c5 2. Nf3 e6 3. d4 cxd4 4. Nxd4 Nc6 5. Nc3 Qc7 6. Be3 Nf6 7. f4 {B48: Sicilian: Taimanov: 5 Nc3 Qc7 6 Be3 a6 without Be2} Bb4 8. Ndb5 Qa5 9. e5 Nd5 10. Bd2 Nxc3 11. bxc3 {LiveBook: 40 Games} (11. Bxc3 O-O 12. Qd2 a6 13. Bxb4 Qxb4 14. Qxb4 Nxb4 15. Nd4 {½-½ (15) Motylev,A (2656)-Svidler,P (2751) Tallinn 2016}) 11... Bc5 12. Bd3 a6 13. c4 Nb4 14. Nc3 d5 15. exd6 $146 Nxd3+ 16. cxd3 {Strongly threatening Nd5.} Qd8 17. Ne4 Bxd6 18. O-O Be7 19. Bc3 O-O $1 20. a4 Bd7 21. a5 f6 22. Qe2 Qc7 23. Kh1 Rae8 24. Rae1 Bc6 25. Qh5 Rf7 26. Re3 Qd8 27. Qe2 Bd6 {[%cal Be7d6,Bd6c7,Bc7f4][%mdl 32]} 28. Rh3 Bc7 29. Qe1 (29. d4 $11) 29... h6 30. Re3 Bxe4 31. dxe4 Rd7 32. Rg3 $2 {[#]} (32. e5 $15 fxe5 33. Bxe5) 32... Kh7 $2 (32... Bxf4 $1 $19 {[%mdl 512]} 33. Rgf3 (33. Rxf4 $2 Rd1 $19) 33... Bd2 34. Bxd2 Rxd2) 33. c5 {[#]} (33. e5 $17 f5 34. Rgf3) 33... Bxf4 $1 $19 {[%mdl 512]} 34. Rgf3 ({Wrong is} 34. Rxf4 $2 Rd1 $19) 34... e5 (34... Bd2 $19 35. Qa1 Qc7) 35. Qb1 (35. c6 $17 {was worth a try.} bxc6 36. Qe2) 35... Ree7 36. Qc2 (36. c6 $17 bxc6 37. Qb6) 36... Bd2 37. h3 {[#]} Bxc3 $1 38. Qxc3 Rd4 39. Kh2 Red7 ({But not} 39... Rxe4 40. Qc2 $17) 40. Rb1 Kh8 ({Not} 40... Rxe4 41. Qc2 $14) (40... Rc7 $19 {has better winning chances.} 41. Rb6 Rd1) 41. c6 {Precision: White = 30%, Black = 58%.} 1/2-1/2

[Event "ESP-chT Div I 2018"]
[Site "Linares"]
[Date "2018.08.11"]
[Round "6"]
[White "Pap, Misa"]
[Black "Plazuelo Pascual, Juan"]
[Result "0-1"]
[WhiteElo "2478"]
[BlackElo "2429"]
[Annotator "ChessBase"]
[PlyCount "98"]
[EventDate "2018.08.06"]
[EventType "team-tourn"]
[EventCountry "ESP"]
[SourceTitle "playchess.com"]
[Source "ChessBase"]
[SourceQuality "1"]
[TimeControl "40/5400+30:1800+30"]

1. e4 {[%emt 0:00:00]} e6 {[%emt 0:00:00]} 2. d4 {[%emt 0:00:00]} d5 {[%emt 0:00:00]} 3. Nd2 {[%emt 0:00:37]} Be7 {[%emt 0:00:00]} 4. Ngf3 {[%emt 0:00:22]} Nf6 {[%emt 0:00:01]} 5. e5 {[%emt 0:00:09]} Nfd7 {[%emt 0:00:06]} 6. Bd3 {[%emt 0:00:44]} c5 {[%emt 0:00:06]} 7. c3 {[%emt 0:00:06]} Nc6 {[%emt 0:00:04]} 8. O-O {[%emt 0:00:55]} g5 {[%emt 0:00:15]} 9. dxc5 {[%emt 0:00:06]} Ndxe5 {[%emt 0:00:12]} 10. Bb5 {[%emt 0:06:34]} Ng6 {[%emt 0:02:31]} 11. Re1 {[%emt 0:04:17]} Bxc5 {[%emt 0:05:21]} 12. Nxg5 {[%emt 0:42:12]} Bxf2+ {[%emt 0:09:50]} 13. Kxf2 {[%emt 0:01:48]} Qxg5 {[%emt 0:01:55]} 14. Nf3 {[%emt 0:00:39]} Qe7 {[%emt 0:26:22]} 15. Be3 {[%emt 0:15:31]} Bd7 {[%emt 0:02:59]} 16. b4 {[%emt 0:01:04]} Rg8 {[%emt 0:06:15]} 17. Bg5 {[%emt 0:09:45]} f6 {[%emt 0:01:42]} 18. Bxc6 {[%emt 0:00:01]} bxc6 {[%emt 0:04:53]} 19. Bh6 {[%emt 0:00:33]} e5 {[%emt 0:12:45]} 20. c4 {[%emt 0:02:48]} Be6 {[%emt 0:01:00]} 21. Qa4 {[%emt 0:04:43]} Kf7 {[%emt 0:01:31]} 22. Kg1 {[%emt 0:04:43]} Rgc8 {[%emt 0:02:45]} 23. Be3 {[%emt 0:01:51]} d4 {[%emt 0:01:18]} 24. Bh6 {[%emt 0:00:09]} c5 {[%emt 0:00:39]} 25. b5 {[%emt 0:00:24]} Kg8 {[%emt 0:02:18]} 26. Qc2 {[%emt 0:00:07]} Qd7 {[%emt 0:02:10]} 27. h4 {[%emt 0:01:11]} Ne7 {[%emt 0:07:47]} 28. Nh2 {[%emt 0:00:01]} Kh8 {[%emt 0:02:24]} 29. Qf2 {[%emt 0:00:44]} Ng8 {[%emt 0:00:14]} 30. Bd2 {[%emt 0:00:23]} Rf8 {[%emt 0:00:59]} 31. Rac1 {[%emt 0:00:17]} Qg7 {[%emt 0:00:13]} 32. Kh1 {[%emt 0:00:48]} Rae8 {[%emt 0:00:42]} 33. Qf3 {[%emt 0:01:55]} Nh6 {[%emt 0:00:24]} 34. Bxh6 {[%emt 0:00:56]} Qxh6 {[%emt 0:00:01]} 35. Qc6 {[%emt 0:00:04]} Qxh4 {[%emt 0:02:31]} 36. Qxc5 {[%emt 0:00:01]} Rg8 {[%emt 0:01:05]} 37. Qc6 {[%emt 0:01:03]} Re7 {[%emt 0:01:26]} 38. Re2 {[%emt 0:00:49]} d3 {[%emt 0:00:58]} 39. Rd2 {[%emt 0:00:18]} e4 {[%emt 0:00:39]} 40. Qd6 {[%emt 0:00:40]} Ree8 {[%emt 0:00:25]} 41. Qd4 {[%emt 0:30:26]} Bg4 {[%emt 0:30:57]} 42. Rf1 {[%emt 0:00:36]} Rg6 {[%emt 0:00:12]} 43. Qe3 {[%emt 0:00:20]} Rh6 {[%emt 0:01:28]} 44. g3 {[%emt 0:00:18]} Qh3 {[%emt 0:00:23]} 45. Kg1 {[%emt 0:00:48]} Be2 {[%emt 0:00:15]} 46. Rf2 {[%emt 0:00:14]} Rg8 {[%emt 0:01:00]} 47. Rg2 {[%emt 0:00:08]} Rhg6 {[%emt 0:00:08]} 48. Qf4 {[%emt 0:01:14]} e3 {[%emt 0:00:43]} 49. Qxe3 {[%emt 0:00:25]} Rxg3 {[%emt 0:00:32]} 0-1

[Event "ESP-chT Div I 2018"]
[Site "Linares"]
[Date "2018.08.11"]
[Round "6"]
[White "Cramling, Pia"]
[Black "Martin Fuentes, Alberto"]
[Result "1-0"]
[WhiteElo "2453"]
[BlackElo "2391"]
[Annotator "TA"]
[PlyCount "128"]
[EventDate "2018.08.06"]
[EventType "team-tourn"]
[EventCountry "ESP"]
[SourceTitle "playchess.com"]
[Source "ChessBase"]
[SourceQuality "1"]

{[%evp 21,128,31,41,40,41,40,47,53,55,38,93,99,115,116,183,116,116,105,114,122,115,116,112,95,100,105,101,104,101,102,107,89,135,88,97,84,75,97,122,125,133,128,144,149,166,166,166,166,166,166,170,166,189,175,179,0,166,166,219,166,166,166,320,191,202,162,162,162,164,158,163,156,163,156,150,150,160,156,158,158,436,402,5269,5273,5265,5241,5065,2877,5110,5061,6087,5619,29967,29965,29974,29975,29975,29976,29976,29977,29977,29978,29964,6391,29978,29979,29981,29982,29982]} 1. Nf3 Nf6 2. c4 c5 3. Nc3 Nc6 4. d4 cxd4 5. Nxd4 g6 6. e4 d6 7. Be2 Nxd4 8. Qxd4 Bg7 9. Bg5 Qa5 {B36: Sicilian: Maroczy Bind: Gurgenidze System} (9... O-O 10. Qd2 a5 11. O-O a4 12. Rac1 Be6 13. Rfe1 Qa5 14. Bf1 Rfc8 15. b3 axb3 16. axb3 Qb4 17. Nd5 Qxd2 18. Bxd2 Bxd5 19. exd5 Kf8 20. Bc3 Ra3 {½-½ (67) Andreikin,D (2712)-Mamedov,R (2709) Huaian 2017}) 10. Qd2 Be6 11. Rc1 Rc8 {LiveBook: 3 Games. White is slightly better.} 12. b3 h6 $146 ({Predecessor:} 12... O-O 13. f3 a6 14. Na4 Qxd2+ 15. Kxd2 Rc6 16. Rhd1 Rb8 17. Nc3 {½-½ (27) Bokros,A (2470)-Emodi,B (2372) Hungary 2004}) 13. Be3 Ng4 14. Bxg4 Bxg4 15. O-O a6 (15... g5 $14) 16. Bd4 $16 Be5 17. Bxe5 Qxe5 (17... dxe5 $16 {is a better defense.} 18. Qe3 Be6) 18. Nd5 (18. f4 $1 $18 {[%cal Rf4e5]} Qc5+ 19. Kh1) 18... Be6 19. Rfe1 Bxd5 20. exd5 Qg5 21. Qd4 O-O 22. Qb6 Rb8 23. Rc2 Rfd8 24. Rce2 Rd7 25. a4 {[%cal Ba2a4,Ba4a5][%mdl 32]} Qf6 26. a5 Re8 27. Re4 Qc3 28. g3 Kg7 29. Kg2 Qd2 30. R1e2 Qc3 31. R4e3 Qa1 32. Qb4 h5 33. h4 Rc7 34. Qd2 Kg8 35. Re4 Qf6 36. R2e3 {[%cal Be2e3,Be3f3,Bf3f4][%mdl 32]} Rd7 37. Qe1 Rc7 38. Qd2 Rd7 $1 39. Rf3 Qh8 (39... Qg7 {keeps fighting.} 40. Qe3 Rc7) 40. Qf4 {[%csl Gf3][%cal Rf4f7]} Qg7 41. Qe3 Qh8 $2 {[#]} (41... Rc7 42. Qf4 Qf8) 42. Re6 (42. Rxf7 $142 $1 {[%mdl 512]} Kxf7 43. Rf4+ Kg7 44. Qe6) 42... Qg7 $18 43. Rf4 Kh7 44. Ree4 Rc7 45. Rf3 e5 46. dxe6 f5 {[#]} 47. Rd4 $1 {[%cal Rd4d6]} Rxe6 48. Qxe6 Qxd4 $16 {[%mdl 4096] Endgame KQR-KQR} 49. Re3 Kg7 50. Qe8 Rf7 $2 {[#]} (50... b6 $16 51. Re6 Rf7) 51. Re7 $1 $18 Qf6 (51... Rxe7 $142 52. Qxe7+ Kh8 53. Qxb7 f4) 52. Rxf7+ Qxf7 53. Qxf7+ Kxf7 {KP-KP} 54. Kf3 Ke6 55. Kf4 Kf6 56. f3 {[%cal Bf2f3,Bf3f4][%mdl 32]} Kf7 57. Kg5 Kg7 58. f4 Kf7 59. Kh6 Kf6 60. Kh7 Kf7 61. b4 Kf6 62. Kg8 Ke6 63. Kg7 d5 64. cxd5+ Kxd5 {Precision: White = 81%, Black = 44%.} 1-0

[Event "ESP-chT Div I 2018"]
[Site "Linares"]
[Date "2018.08.11"]
[Round "6"]
[White "Espinosa Aranda, Angel"]
[Black "Dvirnyy, Danyyil"]
[Result "1/2-1/2"]
[WhiteElo "2451"]
[BlackElo "2496"]
[Annotator "TA"]
[PlyCount "93"]
[EventDate "2018.08.06"]
[EventType "team-tourn"]
[EventCountry "ESP"]
[SourceTitle "playchess.com"]
[Source "ChessBase"]
[SourceQuality "1"]

{[%evp 12,93,21,12,25,14,17,13,18,-6,31,38,47,47,59,45,52,0,0,0,0,0,0,0,0,-23,-4,-16,0,0,0,0,0,-56,-54,-170,-100,-100,-100,-100,-100,-107,-104,-109,-97,-90,18,0,0,-95,96,89,106,94,104,9,6,6,6,0,0,0,0,0,0,0,0,0,0,0,0,0,0,0,0,0,0,0,0,0,0,0,0,0]} 1. e4 {Alvarez,Roberto Gabriel} c6 2. d4 d5 3. exd5 cxd5 4. c4 Nf6 5. Nc3 Nc6 6. Bg5 Be6 7. a3 {LiveBook: 157 Games} Rc8 {B13: Caro-Kann: Exchange Variation and Panov-Botvinnik Attack} ({Don't blunder} 7... dxc4 $2 8. Bxf6 Qb6 9. d5 $18) (7... Qd7 8. Be2 Rd8 9. Bxf6 exf6 10. c5 g6 11. b4 a6 12. b5 axb5 13. Nxb5 Be7 14. Nf3 O-O 15. O-O Ra8 16. Rb1 Rfe8 17. Qd2 {½-½ (17) Amin,B (2654)-Dreev,A (2664) Helsingor 2016}) 8. Be2 $146 ({Predecessor:} 8. Nf3 g6 9. Bxf6 exf6 10. c5 a6 11. Be2 g5 12. O-O Bg7 13. Qd2 g4 14. Ne1 f5 15. Nc2 {½-½ (45) Granara Barreto,S (2093)-Markus,R (2222) LSS email 2010 Telechess CBM 159 [Alvarez,Roberto Gabriel]}) 8... h6 (8... dxc4 9. Bxf6 exf6 10. d5 $16) 9. Bxf6 exf6 10. Nf3 Be7 11. O-O O-O 12. b4 Re8 13. Rc1 Bf8 14. cxd5 (14. Re1 $14) 14... Bxd5 $11 15. Nxd5 Qxd5 16. Bc4 Qd6 17. Qd3 Rc7 18. Rfe1 Rd8 {[%cal Rc6d4]} 19. Red1 Rdc8 20. g3 a5 21. b5 $1 {[%cal Rb5c6]} Ne7 {Hoping for ...Nd5.} 22. a4 (22. Rc2 $11) 22... Nd5 $15 23. Qf1 (23. Rd2 $1 $15) 23... Nb6 (23... Qa3 $1 $19 {[%cal Ra3f3]} 24. Bxd5 Rxc1) 24. Bb3 $17 {[#]} Qa3 $1 25. Rxc7 Rxc7 26. Nd2 Bb4 27. Qd3 {[#]} Rc3 $1 {[%cal Rc3d3]} 28. Qb1 Rc8 (28... Nxa4 $17 29. Re1 Nb6) 29. Qd3 (29. Kg2 $11) 29... Rc3 ({Reject} 29... Nxa4 $6 30. Nc4 $14) 30. Qb1 f5 $2 (30... Nxa4 $17 {stays on course.} 31. Re1 Nb6 32. Re8+ Bf8) 31. Bxf7+ $1 $16 Kxf7 32. Qxf5+ Kg8 33. Nb1 ({White should try} 33. Qe6+ $16 Kh7 34. Qxb6 Qxa4 35. Rb1) 33... Qb3 $1 $11 {[%cal Rb3d1] The position is equal.} 34. Nxc3 Bxc3 35. Rd3 Qd5 36. Qg6 Bxd4 37. Qxb6 Bxf2+ $1 38. Kxf2 Qxd3 39. Qxb7 {[%mdl 4096] Endgame KQ-KQ} Qc2+ 40. Ke3 Qb3+ 41. Kd4 Qxa4+ 42. Kd5 {Black must now prevent b6.} Qb3+ 43. Kd6 {Strongly threatening Qd5+.} Qb4+ 44. Ke6 {aiming for b6.} Qb3+ 45. Kd6 {Threatens to win with Qd5+.} Qb4+ 46. Ke6 {b6 is the strong threat.} Qb3+ 47. Kd6 {Precision: White = 44%, Black = 65%.} 1/2-1/2

[Event "ESP-chT Div I 2018"]
[Site "Linares"]
[Date "2018.08.11"]
[Round "6"]
[White "Rubio Mejia, Luis Ignacio"]
[Black "Bressac, Stephane"]
[Result "1/2-1/2"]
[WhiteElo "2442"]
[BlackElo "2341"]
[Annotator "TA"]
[PlyCount "84"]
[EventDate "2018.08.06"]
[EventType "team-tourn"]
[EventCountry "ESP"]
[SourceTitle "playchess.com"]
[Source "ChessBase"]
[SourceQuality "1"]

{[%evp 21,84,57,98,95,105,85,100,82,83,83,90,78,83,68,72,65,68,68,74,57,64,56,63,57,63,60,64,68,79,76,97,65,65,58,74,59,79,69,65,61,56,33,72,29,41,33,193,0,0,0,0,0,0,0,0,0,0,0,0,0,0,0,0,0,0]} 1. d4 d6 2. Nf3 Nf6 3. c4 g6 4. Nc3 Nbd7 5. e4 e5 6. Be2 Bg7 7. O-O O-O 8. Qc2 Qe7 9. Rd1 c6 10. Rb1 Re8 11. d5 {E94: King's Indian: Classical: 6 Be2 e5 7 0-0: Various Black 7th moves} c5 {LiveBook: 6 Games} 12. Ne1 (12. a3 Rf8 13. Ne1 Ne8 14. Nd3 f5 15. b4 {½-½ (15) Nagy,G (2472)-Hera,I (2616) Hungary 2018}) 12... Nb6 $146 ({Predecessor:} 12... Rf8 13. a3 Ne8 14. b4 f5 15. Nd3 b6 16. Bf3 Ndf6 17. Re1 fxe4 18. Nxe4 Nxe4 19. Bxe4 {½-½ (32) Bilobrk,F (2368)-Filipovic,M (2351) Sibenik 2010}) 13. a3 {White is better.} a5 14. b4 axb4 15. axb4 Nbd7 16. bxc5 Nxc5 17. f3 Nfd7 18. Nd3 b6 19. Nb4 Bb7 20. Nc6 Qf8 $1 21. Nb5 {Black must now prevent Nc7.} Rec8 22. Nca7 Rd8 23. Bg5 {Nc6 is the strong threat.} f6 24. Be3 Kh8 25. Ra1 {Threatens to win with Nc7.} Ba6 26. Rdb1 Bxb5 27. Nxb5 ({Much weaker is} 27. Rxb5 f5 $11) 27... f5 28. Bd3 Bh6 29. Bf2 {[%cal Re4f5]} fxe4 30. Bxe4 Nf6 31. Nc7 Nfxe4 32. fxe4 Rxa1 33. Rxa1 Qf4 $2 {[#]} ({Black should play} 33... Qe7 $14 34. Nb5 Kg8) 34. Ne6 $2 (34. Bxc5 $1 $18 bxc5 35. Ne6 Qe3+ 36. Qf2) 34... Nxe6 $11 {The position is equal.} 35. dxe6 Qf6 36. Bxb6 Rc8 37. Qd3 $36 {[%mdl 2048] And now Qh3 would win. White is more active.} Qxe6 38. Qd5 Qxd5 39. cxd5 Rc4 40. Re1 Kg7 41. Kf2 Kf7 42. Be3 Bxe3+ {Precision: White = 59%, Black = 47%.} 1/2-1/2

[Event "ESP-chT Div I 2018"]
[Site "Linares"]
[Date "2018.08.11"]
[Round "6"]
[White "Franco Alonso, Alejandro"]
[Black "Bergez, Luc"]
[Result "0-1"]
[WhiteElo "2410"]
[BlackElo "2327"]
[Annotator "NA RC"]
[PlyCount "94"]
[EventDate "2018.08.06"]
[EventType "team-tourn"]
[EventCountry "ESP"]
[SourceTitle "playchess.com"]
[Source "ChessBase"]
[SourceQuality "1"]
[TimeControl "40/5400+30:1800+30"]

1. Nf3 {[%emt 0:00:00]} Nf6 {[%emt 0:00:00]} 2. c4 {[%emt 0:00:00]} g6 {[%emt 0:00:00]} 3. Nc3 {[%emt 0:00:00]} Bg7 {[%emt 0:00:11]} 4. e4 {[%emt 0:00:14]} d6 {[%emt 0:00:14]} 5. d4 {[%emt 0:00:11]} O-O {[%emt 0:00:12]} 6. h3 {[%emt 0:00:12]} e5 {[%emt 0:00:21]} 7. d5 {[%emt 0:00:06]} Nh5 {[%emt 0:00:28]} 8. Nh2 {[%emt 0:01:05]} Qe8 {[%emt 0:04:35]} 9. Be2 {[%emt 0:00:21]} Nf4 {[%emt 0:01:07]} 10. Bf3 {[%emt 0:00:15]} f5 {[%emt 0:00:57]} 11. g3 {[%emt 0:00:18]} Nxh3 {[%emt 0:00:20]} 12. Bg2 {[%emt 0:00:11]} Qf7 {[%emt 0:01:35]} 13. Qf3 {[%emt 0:01:14]} fxe4 {[%emt 0:06:53]} 14. Nxe4 {[%emt 0:00:37]} Qxf3 {[%emt 0:17:58]} 15. Nxf3 {[%emt 0:02:25]} Na6 {[%emt 0:02:53]} 16. Nfd2 {[%emt 0:12:05]} Nb4 {[%emt 0:00:50]} 17. Bxh3 {[%emt 0:00:48]} Bxh3 {[%emt 0:01:27]} 18. Rxh3 {[%emt 0:00:11]} Nc2+ {[%emt 0:00:10]} 19. Kd1 {[%emt 0:01:12]} Nxa1 {[%emt 0:00:08]} 20. b4 {[%emt 0:13:39]} b5 {[%emt 0:01:32]} 21. cxb5 {[%emt 0:21:34]} a5 {[%emt 0:04:39]} 22. bxa6 {[%emt 0:34:03]} Rxa6 {[%emt 0:00:09]} 23. a3 {[%emt 0:01:27]} c6 {[%emt 0:00:29]} 24. b5 {[%emt 0:00:35]} cxb5 {[%emt 0:00:46]} 25. Bb2 {[%emt 0:00:06]} b4 {[%emt 0:13:48]} 26. Bxa1 {[%emt 0:00:30]} Rxa3 {[%emt 0:03:36]} 27. Bb2 {[%emt 0:01:03]} Rd3 {[%emt 0:00:09]} 28. Ke2 {[%emt 0:01:10]} Rxd5 {[%emt 0:00:15]} 29. g4 {[%emt 0:00:53]} Rd8 {[%emt 0:01:34]} 30. Nc4 {[%emt 0:00:43]} Rc8 {[%emt 0:02:14]} 31. Ne3 {[%emt 0:07:42]} Ra5 {[%emt 0:10:08]} 32. Nxd6 {[%emt 0:00:06]} Rc6 {[%emt 0:00:12]} 33. Ndc4 {[%emt 0:00:22]} Ra2 {[%emt 0:02:33]} 34. Rh1 {[%emt 0:00:26]} e4 {[%emt 0:02:23]} 35. Rb1 {[%emt 0:00:06]} Bxb2 {[%emt 0:01:35]} 36. Nxb2 {[%emt 0:00:25]} Rc3 {[%emt 0:00:26]} 37. Ned1 {[%emt 0:01:31]} h5 {[%emt 0:01:42]} 38. gxh5 {[%emt 0:00:06]} gxh5 {[%emt 0:00:03]} 39. Kd2 {[%emt 0:00:40]} Rd3+ {[%emt 0:01:10]} 40. Ke1 {[%emt 0:00:37]} Rb3 {[%emt 0:00:17]} 41. Rc1 {[%emt 0:30:34]} Rbxb2 {[%emt 0:32:06]} 42. Nxb2 {[%emt 0:00:04]} Rxb2 {[%emt 0:00:11]} 43. Rc4 {[%emt 0:00:48]} b3 {[%emt 0:04:18]} 44. Rb4 {[%emt 0:00:49]} Kg7 {[%emt 0:03:53]} 45. Kf1 {[%emt 0:00:08]} Rb1+ {[%emt 0:03:21]} 46. Ke2 {[%emt 0:00:54]} b2 {[%emt 0:00:22]} 47. Kd2 {[%emt 0:00:15]} Rf1 {[%emt 0:00:11]} 0-1

[Event "ESP-chT Div I 2018"]
[Site "Linares"]
[Date "2018.08.11"]
[Round "6"]
[White "Tejedor Fuente, Enrique"]
[Black "Quesada Perez, Yasser"]
[Result "0-1"]
[WhiteElo "2408"]
[BlackElo "2534"]
[Annotator "ChessBase"]
[PlyCount "94"]
[EventDate "2018.08.06"]
[EventType "team-tourn"]
[EventCountry "ESP"]
[SourceTitle "playchess.com"]
[Source "ChessBase"]
[SourceQuality "1"]
[TimeControl "40/5400+30:1800+30"]

1. e4 {[%emt 0:02:55]} c5 {[%emt 0:00:00]} 2. Nf3 {[%emt 0:00:09]} Nc6 {[%emt 0:00:00]} 3. c3 {[%emt 0:00:20]} d5 {[%emt 0:00:03]} 4. exd5 {[%emt 0:00:11]} Qxd5 {[%emt 0:00:05]} 5. d4 {[%emt 0:00:07]} Bg4 {[%emt 0:00:15]} 6. Be2 {[%emt 0:00:15]} cxd4 {[%emt 0:02:27]} 7. cxd4 {[%emt 0:00:26]} e6 {[%emt 0:00:06]} 8. O-O {[%emt 0:02:04]} Nf6 {[%emt 0:00:07]} 9. Nc3 {[%emt 0:00:57]} Qa5 {[%emt 0:00:05]} 10. h3 {[%emt 0:03:25]} Bh5 {[%emt 0:00:06]} 11. Be3 {[%emt 0:05:39]} Bd6 {[%emt 0:00:08]} 12. Nd2 {[%emt 0:02:18]} Bxe2 {[%emt 0:03:25]} 13. Qxe2 {[%emt 0:00:01]} O-O {[%emt 0:02:59]} 14. Nc4 {[%emt 0:01:16]} Qd8 {[%emt 0:00:05]} 15. Rfd1 {[%emt 0:01:12]} Nd5 {[%emt 0:16:26]} 16. Rac1 {[%emt 0:22:23]} Rc8 {[%emt 0:10:31]} 17. Nxd5 {[%emt 0:11:18]} exd5 {[%emt 0:00:11]} 18. Ne5 {[%emt 0:09:19]} Bxe5 {[%emt 0:34:57]} 19. dxe5 {[%emt 0:00:01]} Qd7 {[%emt 0:00:10]} 20. Qb5 {[%emt 0:04:55]} d4 {[%emt 0:03:37]} 21. Qa4 {[%emt 0:14:23]} Rcd8 {[%emt 0:01:16]} 22. Bg5 {[%emt 0:11:20]} Rde8 {[%emt 0:00:07]} 23. Be3 {[%emt 0:01:01]} Rd8 {[%emt 0:06:34]} 24. Bg5 {[%emt 0:00:13]} Ra8 {[%emt 0:01:47]} 25. Qb5 {[%emt 0:03:35]} h6 {[%emt 0:00:46]} 26. Bf4 {[%emt 0:01:26]} Rad8 {[%emt 0:00:45]} 27. Qd3 {[%emt 0:01:00]} Qe6 {[%emt 0:00:56]} 28. a3 {[%emt 0:00:34]} Rd5 {[%emt 0:01:09]} 29. Re1 {[%emt 0:00:46]} Rfd8 {[%emt 0:01:17]} 30. Rc2 {[%emt 0:00:42]} Nxe5 {[%emt 0:02:03]} 31. Bxe5 {[%emt 0:00:02]} Rxe5 {[%emt 0:00:05]} 32. Rxe5 {[%emt 0:00:34]} Qxe5 {[%emt 0:00:04]} 33. Re2 {[%emt 0:00:12]} Qd6 {[%emt 0:00:26]} 34. Re4 {[%emt 0:01:28]} Qb6 {[%emt 0:00:30]} 35. b4 {[%emt 0:00:32]} a5 {[%emt 0:01:29]} 36. bxa5 {[%emt 0:00:29]} Qxa5 {[%emt 0:00:01]} 37. Kh2 {[%emt 0:00:30]} Qc5 {[%emt 0:00:43]} 38. g3 {[%emt 0:00:29]} b5 {[%emt 0:00:15]} 39. Qe2 {[%emt 0:00:32]} d3 {[%emt 0:00:48]} 40. Qe1 {[%emt 0:00:30]} d2 {[%emt 0:01:04]} 41. Re8+ {[%emt 0:30:01]} Kh7 {[%emt 0:30:14]} 42. Qb1+ {[%emt 0:00:25]} f5 {[%emt 0:00:10]} 43. Rxd8 {[%emt 0:01:04]} Qxf2+ {[%emt 0:00:05]} 44. Kh1 {[%emt 0:00:04]} Qe1+ {[%emt 0:00:05]} 45. Qxe1 {[%emt 0:00:09]} dxe1=Q+ {[%emt 0:00:07]} 46. Kg2 {[%emt 0:00:11]} Qe2+ {[%emt 0:00:22]} 47. Kg1 {[%emt 0:00:09]} Qf3 {[%emt 0:00:08]} 0-1